000 01205nam a22003254a 4500
001 ebr10255060
003 CaPaEBR
006 m u
007 cr cn|||||||||
008 071115s2008 maua s 001 0 eng
010 _z 2007941460
020 _z159863514X
020 _z9781598635140
040 _aCaPaEBR
_cCaPaEBR
035 _a(OCoLC)463007168
050 1 4 _aQA76.76.O63
_bB6157 2008eb
082 0 4 _a005.4/4682
_222
100 1 _aBoles, David W.
245 1 0 _aPicture yourself learning Mac OS x 10.5 Leopard
_h[electronic resource] /
_cDavid W. Boles.
260 _aBoston, MA :
_bThompson Course Technology,
_cc2008.
300 _axii, 208 p. :
_bcol. ill.
500 _aIncludes index.
533 _aElectronic reproduction.
_bPalo Alto, Calif. :
_cebrary,
_d2013.
_nAvailable via World Wide Web.
_nAccess may be limited to ebrary affiliated libraries.
630 0 0 _aMac OS.
650 0 _aOperating systems (Computers)
650 0 _aMacintosh (Computer)
_xProgramming.
655 7 _aElectronic books.
_2local
710 2 _aebrary, Inc.
856 4 0 _uhttp://site.ebrary.com/lib/rucke/Doc?id=10255060
_zAn electronic book accessible through the World Wide Web; click to view
999 _c14769
_d14769